Ariana Grande - Christmas & Chill - Statistics

General Stats
  • This quiz has been taken 15 times
    6 since last reset
  • The average score is 6 of 8
Answer Stats
2015 Christmas & Chill % Correct
3 December
100%
1 Intro
100%
5 True Love
100%
6 Winter Things
100%
2 Wit It This Christmas
100%
4 Not Just On Christmas
75%
7 Into You (feat. Mac Miller & Alex Ghenea)
25%
8 Santa Tell Me - Naughty Version
25%
No matching quizzes found
Score Distribution
Percent of People with Each Score
Percentile by Number Answered
Your Score History
You have not taken this quiz since the last reset